Central Library OPAC University of Rajshahi

Gipsies : (Record no. 6772)

MARC details
000 -LEADER
fixed length control field 00829cam a22002651 4500
001 - CONTROL NUMBER
control field 6772
003 - CONTROL NUMBER IDENTIFIER
rucl marc code BD-RjUL
005 - DATE AND TIME OF LATEST TRANSACTION
control field 20211208234318.0
008 - FIXED-LENGTH DATA ELEMENTS--GENERAL INFORMATION
fixed length control field 14 r19681962ii a 000 0 eng
035 ## - SYSTEM CONTROL NUMBER
System control number (BD-RjUL)6814
System control number (OCoLC)333369
040 ## - CATALOGING SOURCE
Original cataloging agency DLC
Transcribing agency OAU
Modifying agency DLC
-- BD-RjUL
Language of cataloging eng
041 ## - LANGUAGE CODE
Language code of text/sound track or separate title eng
082 04 - DEWEY DECIMAL CLASSIFICATION NUMBER
Edition number 16
Classification number 397.0954
Author mark and year LAG 1969
100 11 - MAIN ENTRY--PERSONAL NAME
Personal name Lal, Chaman.
9 (RLIN) 21295
245 10 - TITLE STATEMENT
Title Gipsies :
Remainder of title forgotten children of India /
Statement of responsibility, etc. Foreword by C. P. Ramaswami Aiyar.
260 ## - PUBLICATION, DISTRIBUTION, ETC. (IMPRINT)
Place of publication, distribution, etc. Delhi :
Name of publisher, distributor, etc. Publications Division, Ministry of Information and Broadcasting,
Date of publication, distribution, etc. 1962 [Reprinted 1968].
300 ## - PHYSICAL DESCRIPTION
Pagination xiv, 216 p. :
Illustrations illus., ports. ;
Size 21 cm.
504 ## - BIBLIOGRAPHY, ETC. NOTE
Bibliography, etc Bibliographical footnotes.
650 #0 - SUBJECT ADDED ENTRY--TOPICAL TERM
Topical term or geographic name as entry element Romanies.
9 (RLIN) 21296
Topical term or geographic name as entry element Romanies
Geographic subdivision India.
9 (RLIN) 21297
942 ## - ADDED ENTRY ELEMENTS (KOHA)
Source of classification or shelving scheme Dewey Decimal Classification
Koha item type Books
Holdings
Lost status Source of classification or shelving scheme Damaged status Not for loan Collection code Permanent Location Current Location Shelving location Date acquired Source of acquisition Cost, normal purchase price Total Checkouts Full call number Date last seen Copy number Koha item type
  Dewey Decimal Classification   Not For Loan Non-fiction Central Library, University of Rajshahi Central Library, University of Rajshahi   06/03/1974 Standard Pub. 437.00   397.0954 LAG 1969 12/01/2014 C-1 Books